|
|
|
|
| LEADER |
00000naa2a2200000 4500 |
| 001 |
201066 |
| 005 |
20231101225011.0 |
| 035 |
|
|
|a (RuTPU)RU\TPU\book\219162
|
| 090 |
|
|
|a 201066
|
| 100 |
|
|
|a 20110919d2009 k y0rusy50 ca
|
| 101 |
0 |
|
|a rus
|
| 102 |
|
|
|a RU
|
| 200 |
1 |
|
|a Модифицирование сталей барий- и стронцийсодержащими сплавами
|f М. А. Платонов, В. И. Дмитриенко, И. Д. Рожихина
|
| 320 |
|
|
|a Библиогр.: 15 назв.
|
| 463 |
|
0 |
|0 (RuTPU)RU\TPU\book\208766
|t Актуальные проблемы современного материаловедения
|o труды Всероссийской конференции с элементами научной школы для молодежи, посвященной 10-летию со дня основания кафедры "Металлургия черных металлов" Юргинского технологического института (филиала) ТПУ, 9-11 декабря 2009 г., Юрга
|f Томский политехнический университет (ТПУ), Юргинский технологический институт (ЮТИ)
|v С. 140-146
|d 2009
|p 167 с.
|
| 610 |
1 |
|
|a барий
|
| 610 |
1 |
|
|a стронций
|
| 610 |
1 |
|
|a сплавы
|
| 610 |
1 |
|
|a модифицирование
|
| 610 |
1 |
|
|a эксплуатационные свойства
|
| 610 |
1 |
|
|a труды учёных ТПУ
|
| 700 |
|
1 |
|a Платонов
|b М. А.
|c российский учёный в области металлургии чёрных металлов
|c старший преподаватель Юргинского технологического института (филиал) Томского политехнического университета
|g Максим Александрович
|2 stltpush
|3 (RuTPU)RU\TPU\pers\27471
|
| 701 |
|
1 |
|a Дмитриенко
|b В. И.
|
| 701 |
|
1 |
|a Рожихина
|b И. Д.
|c специалист в области металлургии
|c профессор Юргинского технологического института Томского политехнического университета
|f 1947-
|g Ирина Дмитриевна
|2 stltpush
|3 (RuTPU)RU\TPU\pers\31688
|9 15819
|
| 801 |
|
1 |
|a RU
|b 63413507
|c 20110919
|
| 801 |
|
2 |
|a RU
|b 63413507
|c 20160805
|g RCR
|
| 942 |
|
|
|c BK
|